| 000 -LEADER |
| fixed length control field |
00519nam a22000977a 4500 |
| 008 - FIXED-LENGTH DATA ELEMENTS--GENERAL INFORMATION |
| fixed length control field |
150914b xxu||||| |||| 00| 0 eng d |
| 100 ## - MAIN ENTRY--AUTHOR'S NAME |
| Author's Name |
Zinsmeister, Marian Carne |
| 245 ## - TITLE STATEMENT |
| Title |
Switzerland 1850-1958 |
| Remainder of title |
detailed information concerning the stamps of Switzerland - when, why and how issued |
| Designation of section section/part/series: (SE) [OBSOLETE] |
S.P.A. handbook ; no. 11 |
| 260 ## - PUBLICATION, DISTRIBUTION, ETC. (IMPRINT) |
| Place of publication, distribution, etc. |
Chicago |
| Name of publisher, distributor, etc. |
Society of Philatelic Americans |
| Date of publication, distribution, etc. |
1959 |
| 650 ## - TOPICAL TERM (Tag) |
| Topical term or geographic name |
Switzerland | 1850-1958 | Definitive Issues | Commemorative Issues | Semi-postal Issues | Production | Designs | 19th Century | 20th Century |